<?xml version="1.0" encoding="UTF-8"?>
<marc:record xmlns:marc="http://www.loc.gov/MARC21/slim">
   <marc:leader>00000nam a2200000 a 4500</marc:leader>
   <marc:datafield ind1="1" ind2=" " tag="100">
      <marc:subfield code="a">Niro, Robert de</marc:subfield>
   </marc:datafield>
   <marc:datafield ind1="1" ind2=" " tag="100">
      <marc:subfield code="a">Pacino, Al</marc:subfield>
   </marc:datafield>
   <marc:datafield ind1="1" ind2=" " tag="100">
      <marc:subfield code="a">Avnet, Jon</marc:subfield>
   </marc:datafield>
   <marc:datafield ind1="0" ind2="0" tag="245">
      <marc:subfield code="a">Kurzer Prozess [Bildtonträger]</marc:subfield>
   </marc:datafield>
   <marc:datafield ind1="0" ind2="0" tag="245">
      <marc:subfield code="c">Regie: Jon Avnet. Mit Al Pacino, Robert De Niro ...</marc:subfield>
   </marc:datafield>
   <marc:datafield ind1=" " ind2="1" tag="264">
      <marc:subfield code="b">STUDIOCANAL</marc:subfield>
      <marc:subfield code="c">2014</marc:subfield>
   </marc:datafield>
   <marc:datafield ind1="1" ind2=" " tag="490">
      <marc:subfield code="a">Steelbook Collection</marc:subfield>
   </marc:datafield>
   <marc:datafield ind1="1" ind2=" " tag="520">
      <marc:subfield code="a">Ein Serienkiller macht New York unsicher. Da es sich bei seinen Opfern ausschließlich um Verbrecher handelt, die bislang ungestraft davonkommen konnten, hegen die beiden ermittelnden Polizisten Turk und Rooster sogar gewisse Sympathien für den Täter. Als die Spur sich verdichtet und in die eigenen Reihen zu führen scheint, müssen sich die langjährigen Partner fragen, ob es sich beim Richter und Henker in Personalunion um einen ihrer Kollegen handeln könnte...</marc:subfield>
   </marc:datafield>
   <marc:datafield ind1=" " ind2=" " tag="020">
      <marc:subfield code="a">4006680062457</marc:subfield>
      <marc:subfield code="9">4006680062457</marc:subfield>
   </marc:datafield>
   <marc:datafield ind1=" " ind2=" " tag="500">
      <marc:subfield code="a">Orig. : USA 2008. Sprache: Deutsch (Dolby Digital 2.0), Deutsch (Dolby Digital 5.1), Englisch (Dolby Digital 2.0), Englisch (Dolby Digital 5.1). Untertitel: Deutsch</marc:subfield>
   </marc:datafield>
   <marc:datafield ind1="0" ind2=" " tag="490">
      <marc:subfield code="v">0</marc:subfield>
   </marc:datafield>
   <marc:datafield ind1=" " ind2=" " tag="300">
      <marc:subfield code="a">1 DVD (97 Min.) : farbig</marc:subfield>
   </marc:datafield>
</marc:record>
